000 00747nam a2200193Ia 4500
999 _c2754
_d2754
003 DO-SdBJH
005 20180418012328.0
008 180414s9999 dr 000 0 spa d
040 _aDO-SdBJH
_bspa
_cDO-SdBJH
090 _aDM FM 71-2 1988
110 _aInstituto de Cooperación para la Seguridad Hemisférica
245 1 0 _aFM 71-2 Fuerzas de tarea de los batallones de tanques e infantería mecanizada / Instituto de Cooperación para la Seguridad Hemisférica
260 _aFuerte Benning, Georgia : Cuartel General Secretaría del Ejército, 1988
300 _aiii, 295 páginas en varias paginaciones
504 _aIncluye apéndices
650 4 _aFuerza de tarea
650 4 _aBatallones -- Infantería mecanizada
942 _2ddc
_cBK